Fundamentals of Data Engineering
Guardat en:
| Autor principal: | |
|---|---|
| Format: | Llibre |
| Publicat: |
shroff
|
| Matèries: | |
| Etiquetes: |
Sense etiquetes, Sigues el primer a etiquetar aquest registre!
|
MARC
| LEADER | 00000nam a2200000Ia 4500 | ||
|---|---|---|---|
| 005 | 20260427112651.0 | ||
| 526 | |b Data Science | ||
| 100 | |a Joe Reis | ||
| 020 | |a 9789355421548 | ||
| 650 | |a Data Engineering | ||
| 526 | |a Bachelors | ||
| 942 | |c BK | ||
| 245 | |a Fundamentals of Data Engineering | ||
| 260 | |b shroff | ||
| 999 | |c 36 |d 36 | ||
| 952 | |0 0 |1 0 |4 0 |7 0 |8 2 |a BRISTOL |b BRISTOL |d 2026-04-22 |l 0 |p 000070 |r 2026-04-27 11:26:52 |w 2026-04-27 |y BK | ||